000 00405nam a2200169Ia 4500
008 230524s9999 xx 000 0 und d
020 _a0070434484
082 _a4.165
_bRAM
100 _aBadri Ram
245 0 _aAdvanced Microprocessors and Interfacing
250 _a1ST
260 _aNEW DELHI
_bTMH
_c2007
300 _aXV;385
500 _aQuantity Number: 30
650 _aComp-Sc
942 _cBK
999 _c37323
_d37323